Personnalités de la révolution française - Statistiques

Statistiques générales
  • Ce quiz a été pris 99 fois
  • Le résultat moyen est 18 sur 32
Statistiques - réponses
Hint Réponse % Correct
Général, puis premier consul grâce au coup d'état du 18 brumaire, puis empereur Napoléon Bonaparte
96%
Reine de France Marie-Antoinette d'Autriche
91%
Roi de France Louis XVI
90%
Ecrivain, philosophe et musicien, figure majeure des Lumières, théorise le "contrat social", la volonté générale et l'état de nature, écrit la toute première autobiographie avec "Les Confessions", et publie notamment "Discours sur l'origine et les fondements de l'inégalité parmi les hommes" Jean-Jacques Rousseau
85%
Avocat, instigateur de la Terreur, plus célèbre député montagnard, meurt guillotiné en 1794, surnommé "l'Incorruptible", acteur majeur de l'abolition de l'esclavage Maximilien de Robespierre
83%
Militaire ayant participé à la révolution américaine aux côtés des insurgés, commandant de la garde nationale, participe à la rédaction de la Déclaration des droits de l'homme et du citoyen, plus tard acteur majeur de la Révolution de Juillet en 1830 Gilbert du Motier de La Fayette
80%
Officier, poète et auteur dramatique, son chant le plus célèbre "La marche des Marseillois" est entonné par les fédérés marseillais qui gagnent Paris pour défendre la France face à la Prusse et deviendra plus tard la Marseillaise Claude Joseph Rouget de Lisle
79%
Figure majeure de la Terreur, montagnard, journaliste dans "L'ami du peuple", assassiné dans sa baignoire par Charlotte Corday en 1793 Jean-Paul Marat
74%
De son vrai nom François-Marie Arouet, écrivain, philosophe, dramaturge, poète et encyclopédiste, figure majeure des Lumière et engagé politiquement, anticlérical, il défend notamment Jean Calas, "Je ne suis pas d'accord avec vous mais je me battrai que vous ayez le droit de le dire", auteur de nombreux contes philosophiques, il publie entre autres "Candide ou l'Optimisme", "Dictionnaire philosophique" Voltaire
73%
Homme de lettres, romancier, philosophe, personnage controversé du fait de la part accordée dans son œuvre à l'érotisme et à la pornographie, anticlérical, né marquis, son nom est passé à la postérité pour former un mot, a notamment écrit "Les Cent Vingt Journées de Sodome" Donatien Alphonse François de Sade
71%
Rédige en 1791 la Déclaration des droits de la femme et de la citoyenne Olympe de Gouges
71%
Romancier, dramaturge, conteur, essayiste, dialoguiste, critique d'art, critique littéraire et traducteur, pose les bases du drame bourgeois au théâtre, révolutionne le roman avec "Jacques le Fataliste et son maître", invente la critique (philosophique) à travers ses Salons et supervise la rédaction d'un des ouvrages les plus marquants de son siècle, "L'Encyclopédie" Denis Diderot
70%
Ministre de la justice, montagnard "Il nous faut de l’audace, encore de l’audace, toujours de l’audace, et la France est sauvée", contribue à la mise en place de la Terreur avant de la critiquer, joue un rôle majeur dans la prise des Tuileries le 10 août 1792 Georges Jacques Danton
66%
Ecrivain et mémorialiste, pionnier du romantisme littéraire avec "René" mais aussi de l'autobiographie avec "Mémoires d'outre-tombe", royaliste, plusieurs fois exilé François-René de Chateaubriand
65%
Officier et auteur, principalement connu pour "Les liaisons dangereuses" Pierre Choderlos de Laclos
65%
Père de Madame de Staël, ministre des finances de Louis XVI, son limogeage allume les premières braises de la révolution qui conduisent à la prise de la Bastille 3 jours plus tard Joseph Necker
64%
Chimiste, philosophe et économiste, "rien ne se perd, tout se transforme", père de la chimie moderne et de la méthode scientifique, découvre l'oxydation, les composants de l'air et de l'eau, l'état de la matière, et contribue à la révolution chimique, a écrit le "Traité élémentaire de chimie" Antoine Lavoisier
61%
Penseur politique, précurseur de la sociologie, philosophe et écrivain des Lumières, théorise la séparation des 3 pouvoirs dans "De l'esprit des Lois" et est notamment l'auteur des "Lettres Persanes" Montesquieu
61%
Peintre néo-classique, député à la Convention, soutien de Robespierre, ses oeuvres les plus célèbres sont "Le sacre de Napoléon", "Le serment des Horaces", "Le serment du jeu de paume", "Les Sabines" ou encore "La mort de Marat" Jacques-Louis David
59%
Plus jeune élu à la Convention Nationale, montagnard, soutien de Robespierre et emporté dans la chute de ce dernier, connu pour son éloquence sans pareil, "Pas de liberté pour les ennemis de la liberté" Louis Antoine de Saint-Just
56%
Réputé pour sa conversation, son esprit et son intelligence, surnommé "le Diable boiteux", représentant du clergé aux États généraux, président de l'Assemblée nationale pendant la Révolution française, ministre des Relations extérieures sous le Directoire, le Consulat et le Premier Empire, ministre des Affaires étrangères sous la Restauration, acteur majeur du Congrès de Vienne Charles-Maurice de Talleyrand-Périgord
49%
Avocat et journaliste, montagnard, connu pour ses talents d'orateur malgré son bégaiement notoire, surnommé "le Cicéron bègue", soutien de Danton Camille Desmoulins
48%
Ecrivain, diplomate, journaliste, surnommé "l'orateur du peuple", premier symbole de l'éloquence parlementaire en France, député célèbre du tiers état lors des états généraux, "Allez dire à ceux qui vous envoient que nous sommes ici par la volonté du peuple, et qu’on ne nous en arrachera que par la puissance des baïonnettes", participe à la rédaction de la Déclaration des droits de l'homme et du citoyen Honoré-Gabriel Riqueti de Mirabeau
48%
Ministre de la Police sous le Directoire, le Consulat, l'Empire et la Seconde Restauration Joseph Fouché
46%
Mathématicien et philosophe, représentant des Lumières, député girondin, a écrit "Esquisse d'un tableau historique des progrès de l'esprit humain" Nicolas de Condorcet
35%
Romancière, épistolière et philosophe, héritière des idées des Lumières, favorable à la Révolution et à la mise en place d'une monarchie constitutionnelle, pionnière du romantisme littéraire notamment gràace à "Corinne ou l'Italie" Germaine de Staël
34%
Principal bourreau de Paris, a notamment exécuté Louis XVI Charles-Henri Sanson
31%
Mathématicien, astronome, académicien, écrivain, acteur majeur du serment du jeu de paume, premier maire de Paris en 1789, député célèbre du tiers état lors des états généraux, "Nous jurons de ne jamais nous séparer et de se rassembler partout où les circonstances l'exigeront, jusqu'au jour où la constitution du royaume sera établie et affermie sur des fondements solides" Jean-Sylvain Bailly
28%
Empereur du Saint-Empire, neveu de Marie-Antoinette, engagé dans la coalition contre la France et la révolution pour réinstaller Louis XVI au pouvoir François II
21%
Militaire, surnommé "Le vainqueur de Valmy", il est à la tête de l'armée française lors de cette victoire contre la Prusse, une bataille décisive pour l'avènement de la 1ère République, il devient plus tard Maréchal d'Empire François Christophe Kellermann
20%
Autre célèbre contre-révolutionnaire, a écrit "Réfléxions sur la Révolution de France" Edmund Burke
11%
Un des pères de la contre-révolution, critique Rousseau dans "De l'état de nature" Joseph de Maistre
9%
Aucun quiz correspondant
Distribution des résultats
% des personnes avec chaque résultat
Percentile par nombre de réponses
Votre historique - résultats
Vous n’avez pas pris ce quiz